[Event "Cergy Pontoise-Orleans"]
[Site "Orleans"]
[Date "2007.10.21"]
[Round "1.1"]
[White "Bernard, Christophe"]
[Black "Perrin, Guillaume"]
[Result "0-1"]
[WhiteElo "2367"]
[BlackElo "2268"]
[PlyCount "66"]
[EventDate "2007.10.21"]
[SourceDate "2007.10.25"]

1. d4 Nf6 2. c4 g6 3. Nc3 Bg7 4. e4 d6 5. Nf3 O-O 6. Be2 e5 7. O-O Nc6 8. d5
Ne7 9. Nd2 a5 10. a3 Nd7 11. Rb1 f5 12. b4 axb4 13. axb4 Nf6 14. Qc2 Kh8 15.
exf5 Nxf5 16. Nf3 c6 17. dxc6 bxc6 18. Rd1 Nd4 19. Nxd4 exd4 20. Rxd4 Bf5 21.
Bd3 Ng4 22. Rf4 Bxd3 23. Qxd3 Qh4 24. Qg3 Qxg3 25. hxg3 Rxf4 26. Bxf4 Bxc3 27.
Bxd6 Bd4 28. b5 cxb5 29. cxb5 Bxf2+ 30. Kf1 Bb6 31. Rb4 h5 32. Ke2 Re8+ 33. Kf3
Nh2+ 0-1

[Event "Cergy Pontoise-Orleans"]
[Site "Orleans"]
[Date "2007.10.21"]
[Round "1.2"]
[White "Spitz, Christophe"]
[Black "Cathelineau, Didier"]
[Result "1/2-1/2"]
[WhiteElo "2161"]
[BlackElo "2186"]
[PlyCount "86"]
[EventDate "2007.10.21"]
[SourceDate "2007.10.25"]

1. e4 c5 2. Nf3 d6 3. d4 cxd4 4. Nxd4 Nf6 5. Nc3 a6 6. Bg5 e6 7. f4 Be7 8. Qf3
Qc7 9. O-O-O Nbd7 10. g4 b5 11. Bxf6 Nxf6 12. g5 Nd7 13. f5 Ne5 14. Qg3 b4 15.
Nce2 Bb7 16. fxe6 Bxe4 17. Bg2 Qb7 18. Bxe4 Qxe4 19. Nf4 O-O 20. Rhe1 Qb7 21.
h4 Rac8 22. h5 Rc4 23. exf7+ Rxf7 24. g6 Rf6 25. gxh7+ Kxh7 26. Rxe5 Rxd4 27.
Rg1 Bf8 28. Rf5 Rxf5 29. Qg6+ Kg8 30. Qxf5 Qe4 31. Qe6+ Qxe6 32. Nxe6 Rh4 33.
Rg5 Kf7 34. Nxf8 Kxf8 35. Kd2 Kf7 36. Kd3 Kf6 37. Ra5 Ke6 38. Rg5 Kf6 39. Rd5
Ke6 40. Rg5 Kf7 41. Rf5+ Ke7 42. Ra5 Ke6 43. Rg5 Kf7 1/2-1/2

[Event "Cergy Pontoise-Orleans"]
[Site "Orleans"]
[Date "2007.10.21"]
[Round "1.3"]
[White "Marcantoni, Herve"]
[Black "Bernardin, Thierry"]
[Result "1-0"]
[WhiteElo "2206"]
[BlackElo "1990"]
[PlyCount "137"]
[EventDate "2007.10.21"]
[SourceDate "2007.10.25"]

1. e4 d6 2. d4 e5 3. Nf3 exd4 4. Nxd4 Nc6 5. Bb5 Bd7 6. O-O g6 7. Nc3 Bg7 8.
Bxc6 bxc6 9. f4 Nf6 10. e5 dxe5 11. fxe5 Nd5 12. Nxd5 cxd5 13. Qf3 O-O 14. Qxd5
Qe7 15. Bf4 Rab8 16. b3 Rb6 17. Rae1 Rd8 18. Qe4 c5 19. Nf3 Bc6 20. Qe3 Bxf3
21. Bg5 f6 22. exf6 Qxe3+ 23. Rxe3 Bxf6 24. Bxf6 Rxf6 25. Rexf3 Ra6 26. a4 c4
27. h3 Rd7 28. Rf6 Ra5 29. Rc6 cxb3 30. cxb3 Rb7 31. Rf3 Rd5 32. Rfc3 Rdd7 33.
R6c4 Kg7 34. b4 Kf6 35. Kf2 Ke5 36. Ke3 Kf5 37. b5 Re7+ 38. Kd2 Rbd7+ 39. Rd3
Rb7 40. Re3 Red7+ 41. Kc2 Rd6 42. Rd3 Re6 43. Rf3+ Kg5 44. Kc3 a6 45. Kb4 Re1
46. Rb3 Rg1 47. g3 Kh6 48. Rc6 axb5 49. axb5 Re1 50. b6 Re5 51. Rbc3 Re1 52.
Kb5 Ra1 53. R3c4 Ra3 54. Rh4+ Kg5 55. Rg4+ Kh6 56. Rh4+ Kg5 57. Rc5+ Kf6 58.
Kc6 Re7 59. g4 Rb3 60. g5+ Kg7 61. Kd6 Rf7 62. Rc6 Rd3+ 63. Kc5 Rc3+ 64. Rc4
Rxh3 65. Rc7 Rhf3 66. Rxf7+ Rxf7 67. Kc6 h6 68. Rd4 hxg5 69. Rd7 1-0

[Event "Cergy Pontoise-Orleans"]
[Site "Orleans"]
[Date "2007.10.21"]
[Round "1.4"]
[White "Vaillant, Stephane"]
[Black "Jaulin, Marc"]
[Result "1/2-1/2"]
[WhiteElo "2027"]
[BlackElo "2155"]
[PlyCount "46"]
[EventDate "2007.10.21"]
[SourceDate "2007.10.25"]

1. d4 Nf6 2. Nf3 e6 3. c4 c5 4. Nc3 cxd4 5. Nxd4 a6 6. e3 b6 7. Be2 Bb7 8. O-O
Be7 9. Bf3 Qc7 10. Bxb7 Qxb7 11. Qf3 Qxf3 12. Nxf3 Nc6 13. b3 O-O 14. Bb2 Rfd8
15. Rfd1 Rab8 16. Rac1 Na5 17. Ne2 Nb7 18. Be5 Rbc8 19. Bd4 Bc5 20. Bb2 Be7 21.
Bd4 Bc5 22. Bb2 Be7 23. Bd4 Bc5 1/2-1/2

[Event "Cergy Pontoise-Orleans"]
[Site "Orleans"]
[Date "2007.10.21"]
[Round "1.5"]
[White "Hameau, Cyril"]
[Black "Gastal, Laurent"]
[Result "1-0"]
[WhiteElo "2073"]
[BlackElo "1992"]
[PlyCount "63"]
[EventDate "2007.10.21"]
[SourceDate "2007.10.25"]

1. d4 Nf6 2. Bg5 g6 3. Nc3 d5 4. f3 Bg7 5. e4 Be6 6. Nge2 dxe4 7. fxe4 Bc4 8.
e5 Nd5 9. Qd2 h6 10. Bh4 Nc6 11. Nxd5 Qxd5 12. c3 Qe4 13. Bg3 O-O-O 14. b3 Be6
15. O-O-O Bf5 16. Kb2 g5 17. Bf2 Bxe5 18. Ng3 Bxg3 19. Bxg3 Bg4 20. Re1 Qg6 21.
Bb5 a6 22. Bxc6 Qxc6 23. Rxe7 Rd7 24. Rhe1 Be6 25. Rxd7 Qxd7 26. c4 Rf8 27. d5
Bf5 28. Qe3 Bg6 29. Qc5 Rd8 30. Re7 b6 31. Qa3 Qf5 32. Qxa6+ 1-0

[Event "Cergy Pontoise-Orleans"]
[Site "Orleans"]
[Date "2007.10.21"]
[Round "1.6"]
[White "Maurel, Jean Louis"]
[Black "Yacob, Francois"]
[Result "0-1"]
[WhiteElo "2006"]
[BlackElo "2160"]
[PlyCount "56"]
[EventDate "2007.10.21"]
[SourceDate "2007.10.25"]

1. d4 Nf6 2. c4 e6 3. g3 d5 4. Bg2 Bb4+ 5. Bd2 Be7 6. Nf3 O-O 7. Qc2 Ne4 8. O-O
Nd7 9. b3 Bf6 10. cxd5 Nxd2 11. Qxd2 exd5 12. Nc3 c6 13. Rac1 Re8 14. e3 Nb6
15. Ne1 Bf5 16. Nd3 Nc8 17. Nc5 Nd6 18. Qd1 b6 19. Nd3 Qd7 20. Nb4 Rac8 21. Re1
h5 22. h4 Bg4 23. Bf3 Qf5 24. Kg2 Bh3+ 25. Kg1 Bxd4 26. Bxh5 Bf6 27. Be2 Bxc3
28. Rxc3 Ne4 0-1

[Event "Cergy Pontoise-Orleans"]
[Site "Orleans"]
[Date "2007.10.21"]
[Round "1.7"]
[White "Ricroque, Jean Pierre"]
[Black "Borges, Joachim"]
[Result "1/2-1/2"]
[WhiteElo "1973"]
[BlackElo "1975"]
[PlyCount "70"]
[EventDate "2007.10.21"]
[SourceDate "2007.10.25"]

1. d4 d6 2. c4 g6 3. e4 Nf6 4. Nc3 Bg7 5. Be2 c6 6. Nf3 O-O 7. O-O Nbd7 8. e5
Ne8 9. Bf4 Qa5 10. exd6 Nxd6 11. Qd2 Nf6 12. Ne5 Qd8 13. Rad1 Nde4 14. Qe3 Nxc3
15. bxc3 Qa5 16. g4 Re8 17. Bf3 Nd7 18. Nxc6 bxc6 19. Bxc6 Ba6 20. Bxd7 Red8
21. Bb5 Bxb5 22. cxb5 Qxb5 23. Qxe7 Re8 24. Qa3 Qd5 25. f3 Re2 26. Qb3 Qa5 27.
Rf2 Rxf2 28. Kxf2 Re8 29. a4 a6 30. Rd3 h5 31. Qb4 Qd5 32. g5 Qf5 33. Re3 Qc2+
34. Kg3 h4+ 35. Kh3 Qf5+ 1/2-1/2

[Event "Cergy Pontoise-Orleans"]
[Site "Orleans"]
[Date "2007.10.21"]
[Round "1.8"]
[White "Dinet, Virginie"]
[Black "Oberlin, Cecile"]
[Result "1/2-1/2"]
[WhiteElo "1820"]
[BlackElo "1640"]
[PlyCount "101"]
[EventDate "2007.10.21"]
[SourceDate "2007.10.25"]

1. e4 e5 2. Nf3 Nc6 3. Bb5 d6 4. d4 Bd7 5. d5 Nce7 6. Bxd7+ Qxd7 7. Nc3 h6 8.
Qe2 Nf6 9. O-O Ng6 10. Qb5 Qxb5 11. Nxb5 Kd7 12. Re1 Be7 13. c4 Rhf8 14. Bd2 a6
15. Na3 Nh5 16. g3 f5 17. Kg2 f4 18. Rac1 fxg3 19. fxg3 Rf7 20. b4 Raf8 21. Rc3
Nf6 22. c5 dxc5 23. bxc5 Kd8 24. Nc4 Nd7 25. d6 cxd6 26. Nxd6 Bxd6 27. cxd6 Nb8
28. Rd3 Nc6 29. Bc3 Rf6 30. h4 Re6 31. Rd5 Rfe8 32. Rb1 b5 33. Rc1 Kd7 34. a3
Rxd6 35. Rxd6+ Kxd6 36. Rd1+ Ke6 37. Rd5 Rd8 38. Rxd8 Nxd8 39. h5 Ne7 40. Nxe5
Ng8 41. Ng4 Nf6 42. Bxf6 gxf6 43. Nxh6 a5 44. Nf5 b4 45. axb4 axb4 46. Ne3 b3
47. Nc4 f5 48. Kf3 Nf7 49. exf5+ Kxf5 50. g4+ Kg5 51. Nb2 1/2-1/2

[Event "Gonfreville l'Orcher II-Evry Grand Roqu"]
[Site "Evry"]
[Date "2007.10.21"]
[Round "1.2"]
[White "Betton, Olivier"]
[Black "Lefebvre, Herve"]
[Result "0-1"]
[WhiteElo "2188"]
[BlackElo "2249"]
[PlyCount "42"]
[EventDate "2007.10.21"]
[SourceDate "2007.10.25"]

1. c4 g6 2. g3 Bg7 3. Bg2 d6 4. Nc3 f5 5. d3 Nf6 6. e4 Nc6 7. Nge2 O-O 8. O-O
e5 9. h3 f4 10. gxf4 Nh5 11. f5 gxf5 12. exf5 Bxf5 13. Ne4 Nf4 14. Nxf4 exf4
15. Qh5 Bg6 16. Qd5+ Kh8 17. Ng5 Rf5 18. Ne6 Qd7 19. Bxf4 Rxd5 20. cxd5 Nd4 21.
Rae1 Bxd3 0-1

[Event "Gonfreville l'Orcher II-Evry Grand Roqu"]
[Site "Evry"]
[Date "2007.10.21"]
[Round "1.3"]
[White "Jeanne, Mickael"]
[Black "Moussard, Jules"]
[Result "0-1"]
[WhiteElo "2236"]
[BlackElo "2261"]
[PlyCount "68"]
[EventDate "2007.10.21"]
[SourceDate "2007.10.25"]

1. e4 c5 2. Nf3 d6 3. d4 cxd4 4. Nxd4 Nf6 5. Nc3 a6 6. Bg5 Nc6 7. f4 Qb6 8. Nb3
e6 9. Qd2 Be7 10. O-O-O O-O 11. Be2 Rd8 12. f5 d5 13. Bxf6 Bxf6 14. exd5 Ne7
15. fxe6 Bxe6 16. Bf3 Rac8 17. Ne4 Nxd5 18. Nxf6+ Nxf6 19. Qa5 Rxc2+ 20. Kb1
Qxa5 21. Nxa5 Rdd2 22. Rxd2 Rxd2 23. Nxb7 Bf5+ 24. Ka1 Nd7 25. g4 Be6 26. Nd8
Ne5 27. Nxe6 Nxf3 28. Nc5 Nxh2 29. Nxa6 Nxg4 30. b4 Ne3 31. Kb1 f5 32. Re1 f4
33. b5 Nd5 34. Nc5 Re2 0-1

[Event "Gonfreville l'Orcher II-Evry Grand Roqu"]
[Site "Evry"]
[Date "2007.10.21"]
[Round "1.4"]
[White "Maisuradze, Nino"]
[Black "Bacon, Nicolas"]
[Result "0-1"]
[WhiteElo "2267"]
[BlackElo "2261"]
[PlyCount "88"]
[EventDate "2007.10.21"]
[SourceDate "2007.10.25"]

1. f4 Nf6 2. Nf3 g6 3. b3 Bg7 4. Bb2 O-O 5. e3 d6 6. Be2 Nbd7 7. O-O e5 8. fxe5
Ng4 9. Nc3 Ndxe5 10. Nxe5 Nxe5 11. Kh1 h5 12. Nd5 c6 13. Nf4 Qh4 14. Qe1 Qg5
15. Bd4 Bg4 16. Qf2 b6 17. a4 c5 18. Bc3 h4 19. a5 bxa5 20. Rxa5 Bf5 21. Bxe5
Bxe5 22. d3 Bg7 23. Bf3 Rad8 24. Rxa7 Rde8 25. Bc6 Re7 26. Rxe7 Qxe7 27. Nd5
Qg5 28. Qf4 Bh6 29. Ne7+ Kg7 30. Nxf5+ Qxf5 31. Qxf5 gxf5 32. Rf3 Rc8 33. Bd5
Ra8 34. e4 f4 35. g3 hxg3 36. hxg3 fxg3 37. Rxf7+ Kg6 38. Kg2 Bg7 39. Rd7 Rh8
40. Kxg3 Be5+ 41. Kg4 Rf8 42. Bc6 Rf4+ 43. Kh3 Rf2 44. Rd8 Kh5 0-1

[Event "Gonfreville l'Orcher II-Evry Grand Roqu"]
[Site "Evry"]
[Date "2007.10.21"]
[Round "1.5"]
[White "Vaugeois, Cyrille"]
[Black "Guillon, Cyril"]
[Result "1-0"]
[WhiteElo "2174"]
[BlackElo "2220"]
[PlyCount "69"]
[EventDate "2007.10.21"]
[SourceDate "2007.10.25"]

1. e4 c5 2. Nf3 Nc6 3. Bb5 g6 4. O-O Bg7 5. c3 Nf6 6. Re1 O-O 7. d4 cxd4 8.
cxd4 d5 9. e5 Ne4 10. Nc3 Nxc3 11. bxc3 Na5 12. h3 h6 13. Nd2 Be6 14. f4 Rc8
15. Re3 Qb6 16. Qa4 a6 17. Be2 Rfd8 18. Ba3 Bd7 19. Qb4 Qc7 20. Rf1 Bf8 21. Qb1
Bf5 22. Qe1 Qb6 23. Bb4 Nc6 24. Bc5 Qb2 25. g4 Be4 26. Nxe4 dxe4 27. Qb1 Qd2
28. Qxe4 Qxa2 29. Bb6 Rd7 30. f5 gxf5 31. gxf5 Kh8 32. f6 exf6 33. Bd3 f5 34.
Qxf5 f6 35. Qxd7 1-0

[Event "Gonfreville l'Orcher II-Evry Grand Roqu"]
[Site "Evry"]
[Date "2007.10.21"]
[Round "1.6"]
[White "Roumegous, Etienne"]
[Black "Theon, Pierre"]
[Result "1/2-1/2"]
[WhiteElo "2100"]
[BlackElo "2121"]
[PlyCount "63"]
[EventDate "2007.10.21"]
[SourceDate "2007.10.25"]

1. d4 g6 2. c4 Bg7 3. e4 d6 4. f3 Nc6 5. Be3 e5 6. d5 Nce7 7. Qd2 h5 8. Ne2 Bh6
9. f4 Nf6 10. Nbc3 Ng4 11. Bg1 f5 12. g3 exf4 13. Nxf4 O-O 14. O-O-O fxe4 15.
Nxe4 Bf5 16. Bg2 Qe8 17. Re1 Qa4 18. Nc3 Qd7 19. Bd4 c5 20. dxc6 Nxc6 21. Ncd5
Rac8 22. Bc3 Nce5 23. Re2 Nxc4 24. Ne7+ Kh7 25. Qd4 Nce5 26. Nxc8 Rxc8 27. Rd1
Qb5 28. Red2 Rc4 29. Bf1 Rxd4 30. Bxb5 Rxf4 31. gxf4 Bxf4 32. Rf1 1/2-1/2

[Event "Gonfreville l'Orcher II-Evry Grand Roqu"]
[Site "Evry"]
[Date "2007.10.21"]
[Round "1.7"]
[White "Charmeteau, Sven"]
[Black "Guyard, Rodolphe"]
[Result "1-0"]
[WhiteElo "2168"]
[BlackElo "2124"]
[PlyCount "63"]
[EventDate "2007.10.21"]
[SourceDate "2007.10.25"]

1. e4 c5 2. Nc3 Nc6 3. f4 g6 4. Nf3 Bg7 5. Bb5 Nd4 6. O-O e6 7. e5 a6 8. Bd3
Nxf3+ 9. Qxf3 d5 10. exd6 Qxd6 11. Ne4 Qc7 12. c3 Ne7 13. b3 Rb8 14. Qe2 Nd5
15. Bc4 O-O 16. a4 a5 17. Qf2 b6 18. Qh4 f5 19. Ng5 h6 20. Nh3 Bb7 21. Bb2 e5
22. Bxd5+ Bxd5 23. c4 Ba8 24. Bxe5 Bxe5 25. fxe5 Qxe5 26. Qxh6 Rf6 27. Ng5 Qd4+
28. Kh1 Qd7 29. Rae1 Rd8 30. d3 Rd6 31. Re3 Qb7 32. Rff3 1-0

[Event "Gonfreville l'Orcher II-Evry Grand Roqu"]
[Site "Evry"]
[Date "2007.10.21"]
[Round "1.8"]
[White "Neuhauser, Salome"]
[Black "Ferry, Justine"]
[Result "1/2-1/2"]
[WhiteElo "1892"]
[BlackElo "1883"]
[PlyCount "94"]
[EventDate "2007.10.21"]
[SourceDate "2007.10.25"]

1. d4 Nf6 2. Bf4 d5 3. e3 c5 4. c3 Nc6 5. Nf3 e6 6. Bd3 Bd6 7. Ne5 Qc7 8. Nxc6
bxc6 9. Bg3 cxd4 10. exd4 O-O 11. Nd2 e5 12. dxe5 Bxe5 13. Nf3 Bd6 14. Qc2 Re8+
15. Kf1 a5 16. Rd1 Ba6 17. c4 Rac8 18. b3 h6 19. Kg1 Re7 20. Qd2 Ne4 21. Qc2
Rce8 22. Bxd6 Qxd6 23. g3 Qf6 24. Kg2 Nc5 25. Bf1 dxc4 26. Bxc4 Bxc4 27. Qxc4
Ne4 28. Rc1 Re6 29. Rhf1 g5 30. Rc2 c5 31. Nd2 g4 32. Nxe4 Qf3+ 33. Kg1 Rxe4
34. Qxc5 R8e5 35. Qd6 Kg7 36. Rc8 Re1 37. Qf8+ Kg6 38. Rc1 Rxc1 39. Rxc1 Re2
40. Qd6+ Kh7 41. Qd4 Rxa2 42. Rc8 Re2 43. Kf1 Re6 44. Qh8+ Kg6 45. Qg8+ Kf6 46.
Qd8+ Kg6 47. Qg8+ Kf6 1/2-1/2

[Event "Rennes Paul Bert-Sautron"]
[Site "Sautron"]
[Date "2007.10.21"]
[Round "1.1"]
[White "Monroy, Charles"]
[Black "Pham Minh, Hoang"]
[Result "1-0"]
[WhiteElo "2368"]
[BlackElo "2475"]
[PlyCount "113"]
[EventDate "2007.10.21"]
[SourceDate "2007.10.25"]

1. Nf3 d5 2. d4 Nf6 3. c4 e6 4. g3 c5 5. cxd5 exd5 6. Bg2 Nc6 7. Nc3 Be7 8. O-O
O-O 9. Be3 c4 10. Bg5 Be6 11. Ne5 Ng4 12. Bxe7 Nxe7 13. Nxg4 Bxg4 14. b3 Rc8
15. bxc4 Rxc4 16. Qb3 Be6 17. e3 Qa5 18. Ne2 Rb4 19. Qc3 Rc8 20. Qd2 Qa3 21.
Rfb1 Rbc4 22. Rxb7 Rc2 23. Qe1 g5 24. Bf1 Bg4 25. Rb3 Qa4 26. Nc1 a6 27. Rb6
Qa3 28. Nd3 R8c3 29. Rb3 Rxb3 30. axb3 Qxb3 31. Qb4 Qxb4 32. Nxb4 Rd2 33. Bg2
a5 34. Nxd5 Nxd5 35. Bxd5 Be2 36. h3 Rd1+ 37. Rxd1 Bxd1 38. Kf1 Ba4 39. Ke2
Bb5+ 40. Kd2 Bf1 41. h4 gxh4 42. gxh4 Kg7 43. Bf3 Kf6 44. Be4 h6 45. Bd3 Bh3
46. Kc3 Be6 47. f4 Ke7 48. e4 f6 49. Bc4 Bg4 50. e5 fxe5 51. fxe5 Kd7 52. d5
Kc7 53. Kd4 Kb6 54. e6 a4 55. Ke5 a3 56. d6 Bh5 57. Kf6 1-0

[Event "Rennes Paul Bert-Sautron"]
[Site "Sautron"]
[Date "2007.10.21"]
[Round "1.2"]
[White "Tripoteau, Nicolas"]
[Black "Demanghon, Jonathan"]
[Result "1/2-1/2"]
[WhiteElo "2298"]
[BlackElo "2214"]
[PlyCount "72"]
[EventDate "2007.10.21"]
[SourceDate "2007.10.25"]

1. d4 d5 2. Nf3 Nf6 3. e3 c6 4. c4 e6 5. Nbd2 c5 6. cxd5 exd5 7. dxc5 Bxc5 8.
a3 O-O 9. Bd3 Qe7 10. Nb3 Bd6 11. Nbd4 Nc6 12. Nf5 Bxf5 13. Bxf5 Rfd8 14. O-O
Ne4 15. Qa4 g6 16. Bh3 Qf6 17. Qd1 Ne5 18. Nxe5 Bxe5 19. Rb1 d4 20. Qg4 Ng5 21.
exd4 Nxh3+ 22. Qxh3 Bxd4 23. Qg3 Rd5 24. Qb3 Rad8 25. Be3 Bxe3 26. Qxe3 b6 27.
h3 Rd2 28. b3 R8d3 29. Qe4 a5 30. a4 Rc3 31. b4 Qd4 32. Qa8+ Kg7 33. bxa5 bxa5
34. Qxa5 Rc4 35. Qb6 Qxb6 36. Rxb6 Rxa4 1/2-1/2

[Event "Rennes Paul Bert-Sautron"]
[Site "Sautron"]
[Date "2007.10.21"]
[Round "1.4"]
[White "Sorin, Baptiste"]
[Black "Rivet, Gilles"]
[Result "1-0"]
[WhiteElo "2143"]
[BlackElo "2105"]
[PlyCount "73"]
[EventDate "2007.10.21"]
[SourceDate "2007.10.25"]

1. e4 e5 2. d4 exd4 3. Qxd4 Nc6 4. Qe3 Be7 5. Bd2 Nf6 6. Nc3 d5 7. Qg3 d4 8.
Nd5 Nxe4 9. Qxg7 Bf6 10. Nxf6+ Qxf6 11. Qxf6 Nxf6 12. O-O-O O-O 13. f3 Nd5 14.
Bb5 Ne3 15. Bxe3 dxe3 16. Ne2 Ne5 17. Rhe1 c6 18. Bd3 Re8 19. Nf4 Nxd3+ 20.
Rxd3 Bf5 21. Rdxe3 Rxe3 22. Rxe3 Rd8 23. g4 Bc8 24. Nh5 Kf8 25. Nf6 h6 26. Rd3
Rxd3 27. cxd3 Be6 28. a3 Bb3 29. Kd2 Kg7 30. Ne8+ Kg6 31. h4 h5 32. Ke3 c5 33.
Nd6 Bd5 34. Ne4 b6 35. gxh5+ Kh6 36. Ng3 Bb3 37. d4 1-0

[Event "Rennes Paul Bert-Sautron"]
[Site "Sautron"]
[Date "2007.10.21"]
[Round "1.5"]
[White "Jegourel, Cyrille"]
[Black "Le Ruyet, Leopold"]
[Result "1/2-1/2"]
[WhiteElo "2054"]
[BlackElo "2107"]
[PlyCount "120"]
[EventDate "2007.10.21"]
[SourceDate "2007.10.25"]

1. e4 c5 2. Nf3 d6 3. d4 cxd4 4. Nxd4 Nf6 5. Nc3 a6 6. Bc4 e6 7. Be3 b5 8. Bb3
Bb7 9. f3 Nc6 10. Qd2 Nxd4 11. Bxd4 Be7 12. O-O-O Qc7 13. g4 O-O-O 14. Kb1 Rhg8
15. Rhe1 Nd7 16. Qf2 Bf6 17. f4 Bxd4 18. Qxd4 Nc5 19. f5 Kb8 20. Re2 Nxb3 21.
axb3 Qc5 22. b4 Qxd4 23. Rxd4 Rge8 24. fxe6 Rxe6 25. e5 d5 26. Rf2 Rd7 27. Ne4
Rxe5 28. Nc5 Rde7 29. Rfd2 Re2 30. Nxb7 Rxd2 31. Rxd2 Kxb7 32. Rxd5 Kc6 33. Rh5
h6 34. c3 f6 35. Kc2 Re2+ 36. Kb3 Rd2 37. Rc5+ Kd6 38. c4 Rd3+ 39. Kc2 Rh3 40.
cxb5 Rxh2+ 41. Kd3 axb5 42. Ke3 Rxb2 43. Rxb5 g5 44. Ke4 Ke6 45. Kf3 Rb3+ 46.
Kg2 Kf7 47. Rb8 Kg6 48. Rg8+ Kh7 49. Rb8 h5 50. gxh5 f5 51. Rb5 Rb2+ 52. Kg1
Kh6 53. Rxf5 Rxb4 54. Rf3 Kxh5 55. Ra3 Kh4 56. Kg2 Rb2+ 57. Kg1 g4 58. Rc3 Re2
59. Ra3 g3 60. Ra8 Rd2 1/2-1/2

[Event "Rennes Paul Bert-Sautron"]
[Site "Sautron"]
[Date "2007.10.21"]
[Round "1.6"]
[White "Rate, Bruno"]
[Black "Lecouteux, Guilhem"]
[Result "0-1"]
[WhiteElo "2106"]
[BlackElo "2025"]
[PlyCount "70"]
[EventDate "2007.10.21"]
[SourceDate "2007.10.25"]

1. d4 d5 2. Nf3 Nf6 3. e3 e6 4. Nbd2 Nbd7 5. Bd3 Bd6 6. O-O O-O 7. Re1 e5 8. e4
dxe4 9. Nxe4 Nxe4 10. Bxe4 exd4 11. Nxd4 Nf6 12. Bf3 c6 13. Bg5 h6 14. Bh4
Bxh2+ 15. Kxh2 Ng4+ 16. Bxg4 Qxh4+ 17. Bh3 Bxh3 18. Nf3 Qxf2 19. Kxh3 Rad8 20.
Qe2 Qb6 21. b3 Rd5 22. Rad1 Rh5+ 23. Kg3 f5 24. Qe6+ Kh7 25. Ne5 Rf6 26. Qe7
f4+ 27. Kf3 Rg5 28. Rd7 Rg3+ 29. Ke2 Rxg2+ 30. Kd3 Qf2 31. Rc1 Qd2+ 32. Kc4
Qxc1 33. Qxf6 Qxc2+ 34. Kb4 a5+ 35. Kxa5 Qc5+ 0-1

[Event "Rennes Paul Bert-Sautron"]
[Site "Sautron"]
[Date "2007.10.21"]
[Round "1.7"]
[White "Favarel, Camille"]
[Black "Primel, Dominique"]
[Result "1-0"]
[WhiteElo "2092"]
[BlackElo "2007"]
[PlyCount "114"]
[EventDate "2007.10.21"]
[SourceDate "2007.10.25"]

1. d4 Nf6 2. Nf3 e6 3. c4 b6 4. a3 Ba6 5. Qc2 Bb7 6. Nc3 c5 7. e4 cxd4 8. Nxd4
d6 9. Be2 a6 10. O-O Be7 11. f4 Nbd7 12. b4 Qc7 13. Bd3 Rc8 14. Bb2 b5 15. cxb5
Qb6 16. Qf2 Ng4 17. Na4 Nxf2 18. Nxb6 Nxd3 19. Nxc8 Bxc8 20. Bc3 Nxf4 21. Rxf4
e5 22. Rff1 exd4 23. Bxd4 axb5 24. Bxg7 Rg8 25. Bb2 Bb7 26. g3 Bxe4 27. Rac1 f5
28. Rc8+ Bd8 29. Ra1 Kf7 30. Kf1 Re8 31. Bd4 Bf6 32. Rxe8 Bxd4 33. Rxe4 fxe4
34. Rd1 Be5 35. Rd5 Bb2 36. Rxd6 Ke7 37. Rd5 Bxa3 38. Rxb5 Kd6 39. Ke2 Kc6 40.
Rh5 Nf6 41. b5+ Kb6 42. Rf5 Bb2 43. h3 h6 44. g4 Ne8 45. Rh5 Bc1 46. Re5 Nd6
47. Re6 Kc5 48. b6 Kd5 49. Re7 Bf4 50. b7 Nb5 51. Re8 Nd4+ 52. Kf1 Nc6 53. h4
e3 54. Kg2 Be5 55. Kf3 Kd4 56. Rc8 Kd5 57. Kxe3 Kd6 1-0

[Event "Rennes Paul Bert-Sautron"]
[Site "Sautron"]
[Date "2007.10.21"]
[Round "1.8"]
[White "Desnoes, Anne Laure"]
[Black "Le Bail, Clara"]
[Result "0-1"]
[WhiteElo "1487"]
[BlackElo "2050"]
[PlyCount "72"]
[EventDate "2007.10.21"]
[SourceDate "2007.10.25"]

1. e4 e6 2. d4 d5 3. exd5 exd5 4. c4 c6 5. b3 Bd6 6. Nc3 Ne7 7. Nf3 Bg4 8. h3
Bh5 9. Be2 O-O 10. O-O Nd7 11. Ng5 Bxe2 12. Qxe2 h6 13. Ne6 fxe6 14. Qxe6+ Kh8
15. Qxd6 Nf5 16. Qf4 dxc4 17. bxc4 Nb6 18. Ba3 Rf6 19. Ne4 Nxd4 20. Qg4 Rf4 21.
Qg6 Nxc4 22. Bc1 Ne5 23. Qh5 Rxe4 24. f3 Ne2+ 25. Kh2 Qh4 26. Qxh4 Rxh4 27. Re1
Nxc1 28. Rxe5 Nd3 29. Re7 Rd4 30. Rxb7 c5 31. Rc7 Rb8 32. Rxa7 Rb2 33. a4 Nf4
34. Rg1 Ra2 35. Ra5 Rdxa4 36. Kg3 Ne2+ 0-1

[Event "Quimper-Bagneux"]
[Site "Quimper"]
[Date "2007.10.21"]
[Round "1.1"]
[White "Bleunven, Andre"]
[Black "Emodi, Barnabas"]
[Result "0-1"]
[WhiteElo "2271"]
[BlackElo "2361"]
[PlyCount "78"]
[EventDate "2007.10.21"]
[SourceDate "2007.10.25"]

1. d4 Nf6 2. Nf3 e6 3. c4 b6 4. g3 Ba6 5. b3 Bb7 6. Bg2 Bb4+ 7. Bd2 a5 8. O-O
O-O 9. Nc3 d6 10. a3 Bxc3 11. Bxc3 Nbd7 12. Bb2 Be4 13. Nd2 Bxg2 14. Kxg2 d5
15. Re1 c6 16. e4 b5 17. e5 Ne8 18. cxb5 cxb5 19. Rc1 a4 20. Rc6 Nb8 21. Rc5
Nc7 22. Qc2 Nba6 23. Rc6 axb3 24. Nxb3 b4 25. a4 f6 26. f4 Qd7 27. Rc1 fxe5 28.
dxe5 d4 29. Nxd4 Nd5 30. Qe4 Nac7 31. Kg1 Nc3 32. Bxc3 bxc3 33. R1xc3 Nd5 34.
R3c4 Rfc8 35. f5 Rxc6 36. Rxc6 Rxa4 37. Rxe6 Nc3 38. Rd6 Qxd6 39. exd6 Nxe4 0-1

[Event "Quimper-Bagneux"]
[Site "Quimper"]
[Date "2007.10.21"]
[Round "1.2"]
[White "Sinkovics, Peter"]
[Black "Jolly, Jean Francois"]
[Result "1/2-1/2"]
[WhiteElo "2356"]
[BlackElo "2304"]
[PlyCount "88"]
[EventDate "2007.10.21"]
[SourceDate "2007.10.25"]

1. d4 d5 2. c4 c6 3. e3 Nf6 4. Nc3 a6 5. Nf3 b5 6. b3 Bg4 7. Be2 e6 8. Bb2 Nbd7
9. O-O Bd6 10. Ne5 Bxe2 11. Nxe2 Qc7 12. cxd5 cxd5 13. Rc1 Qb8 14. Nc6 Qb6 15.
Rc2 Rc8 16. Qc1 Nb8 17. Ne5 Rxc2 18. Qxc2 Ke7 19. Rc1 Nfd7 20. Nf4 b4 21. h3 g6
22. e4 Nf6 23. Nexg6+ hxg6 24. e5 Ne4 25. exd6+ Nxd6 26. Qe2 Kd7 27. Nd3 Rc8
28. Nc5+ Ke7 29. Re1 Nb7 30. Qe5 Nd7 31. Qg5+ Ke8 32. Qxd5 Nbxc5 33. dxc5 Qxc5
34. Qb7 Rc7 35. Qxa6 Ra7 36. Qd3 Rxa2 37. Rc1 Qd5 38. Qxd5 exd5 39. Bd4 Rd2 40.
Bc5 Nxc5 41. Rxc5 Rd1+ 42. Kh2 Rd3 43. Rb5 Rxb3 44. Rxd5 Rc3 1/2-1/2

[Event "Quimper-Bagneux"]
[Site "Quimper"]
[Date "2007.10.21"]
[Round "1.3"]
[White "Entem, Alan"]
[Black "Dussart, Frederic"]
[Result "1/2-1/2"]
[WhiteElo "2168"]
[BlackElo "2262"]
[PlyCount "77"]
[EventDate "2007.10.21"]
[SourceDate "2007.10.25"]

1. e4 c5 2. Nf3 Nc6 3. d4 cxd4 4. Nxd4 Nf6 5. Nc3 e5 6. Ndb5 d6 7. Bg5 a6 8.
Na3 b5 9. Bxf6 gxf6 10. Nd5 f5 11. Bd3 Be6 12. O-O Bxd5 13. exd5 Ne7 14. c3 Bg7
15. Nc2 O-O 16. Qh5 Qc8 17. f3 Qc5+ 18. Kh1 Qxd5 19. Bxf5 Nxf5 20. Qxf5 Qe6 21.
Ne3 Bh6 22. Ng4 Bg7 23. Ne3 d5 24. Rfe1 d4 25. Qxe6 fxe6 26. Ng4 dxc3 27. bxc3
Rfc8 28. Rac1 Rc5 29. Nf2 Rac8 30. Ne4 Rd5 31. Kg1 Kf7 32. Kf2 Ke7 33. Ke2 Rc4
34. Red1 Bh6 35. Rb1 Ra4 36. Rb2 Ra3 37. Rc2 Ra4 38. Rb2 Ra3 39. Rc2 1/2-1/2

[Event "Quimper-Bagneux"]
[Site "Quimper"]
[Date "2007.10.21"]
[Round "1.4"]
[White "Goerlinger, Stephane"]
[Black "Bollore, Jacques"]
[Result "1-0"]
[WhiteElo "2222"]
[BlackElo "2125"]
[PlyCount "91"]
[EventDate "2007.10.21"]
[SourceDate "2007.10.25"]

1. e4 c5 2. Nf3 Nc6 3. d4 cxd4 4. Nxd4 Nf6 5. Nc3 e5 6. Ndb5 d6 7. Bg5 a6 8.
Na3 b5 9. Bxf6 gxf6 10. Nd5 f5 11. Bd3 Be6 12. O-O Bg7 13. Qh5 f4 14. c4 b4 15.
Nc2 Rb8 16. b3 O-O 17. g3 Qd7 18. gxf4 f5 19. Rad1 exf4 20. Nxf4 fxe4 21. Nxe6
Qxe6 22. Rde1 Rf4 23. f3 e3 24. Be4 Ne7 25. Rxe3 Qf6 26. Bxh7+ Kf8 27. Re4 Rc8
28. Rxf4 Qxf4 29. Qg4 Qh6 30. Be4 Rc5 31. f4 Rh5 32. Rf2 Bf6 33. Qe6 Rh4 34.
Qxd6 Rg4+ 35. Rg2 Rxg2+ 36. Kxg2 Kf7 37. Nxb4 Qg7+ 38. Kf1 Bd4 39. Bg2 Ba7 40.
Qe5 Qh7 41. f5 Qh5 42. Qe6+ Kf8 43. f6 Nf5 44. Qc8+ Kf7 45. Qd7+ Kxf6 46. Nd5+
1-0